MARC details
| 000 -LEADER |
| fixed length control field |
00962nam a2200253 a 4500 |
| 008 - FIXED-LENGTH DATA ELEMENTS--GENERAL INFORMATION |
| fixed length control field |
100721s2009 ||||||||||||||||| || u |
| 020 ## - INTERNATIONAL STANDARD BOOK NUMBER |
| International Standard Book Number |
9781405118156 |
| 050 ## - LIBRARY OF CONGRESS CALL NUMBER |
| Classification number |
KD 175.C6 Egg |
| 100 ## - MAIN ENTRY--PERSONAL NAME |
| Personal name |
Eggleston, Brian |
| 245 10 - TITLE STATEMENT |
| Title |
Liquidated damages and extensions of time in construction contracts. -- 3rd ed. |
| Statement of responsibility, etc. |
by Brian Eggleston |
| 250 ## - EDITION STATEMENT |
| Edition statement |
3rd ed. |
| 260 ## - PUBLICATION, DISTRIBUTION, ETC. |
| Place of publication, distribution, etc. |
Chinchester, West Sussex: |
| Name of publisher, distributor, etc. |
Wiley-Blackwell |
| Date of publication, distribution, etc. |
2009 |
| 300 ## - PHYSICAL DESCRIPTION |
| Extent |
viii, 394p.: ill. |
| 350 ## - PRICE (NR) (BK AM CF MU VM SE) [OBSOLETE] |
| Price |
0.00 |
| 500 ## - GENERAL NOTE |
| General note |
Includes Index |
| 650 ## - SUBJECT ADDED ENTRY--TOPICAL TERM |
| Topical term or geographic name entry element |
CONTRACTS |
| 650 ## - SUBJECT ADDED ENTRY--TOPICAL TERM |
| Topical term or geographic name entry element |
BREACH OF CONTRACTS--WALES |
| 650 ## - SUBJECT ADDED ENTRY--TOPICAL TERM |
| Topical term or geographic name entry element |
CONSTRUCTION CONTRACTS--ENGLAND |
| 650 ## - SUBJECT ADDED ENTRY--TOPICAL TERM |
| Topical term or geographic name entry element |
PERFORMANCE (LAW)--WALES |
| 650 ## - SUBJECT ADDED ENTRY--TOPICAL TERM |
| Topical term or geographic name entry element |
BREACH OF CONTRACTS--ENGLAND |
| 650 ## - SUBJECT ADDED ENTRY--TOPICAL TERM |
| Topical term or geographic name entry element |
CONSTRUCTION CONTRACTS--WALES |
| 650 ## - SUBJECT ADDED ENTRY--TOPICAL TERM |
| Topical term or geographic name entry element |
PERFORMANCE (LAW)--ENGLAND |
| 995 ## - RECOMMENDATION 995 [LOCAL, UNIMARC FRANCE] |
| -- |
0.00 |
| -- |
CBU-MAIN LIBRARY (Kitwe) |
| -- |
1 |
| -- |
0.00 |
| -- |
1 |
| -- |
AVAILABLE |
| -- |
Aug 24, 2010 |
| -- |
Main Library Open Access Collection |